000 00408nam a2200181Ia 4500
001 3394
005 20260306145640.0
008 260306t2019||||xx |||||||||||||| ||spa||
041 _aESP
082 _a272
_bG45
100 _aGil-Tamayo, Juan Antonio
_eAUT
245 0 _aPatrologĂ­a
260 _c2019
300 _a240 páginas :
_c24 cm.
650 _aGEN
654 _aCHU
942 _cLIB
_dJUS
_fJUS
_2ddc
_n
999 _c3394
_d3394